المؤمن الصادق : (رقم التسجيلة. 27784)
[ عرض عادي ]
| 000 -الفاتح | |
|---|---|
| حقل البيانات ثابتة الطول | 01112nam a22002417a 4500 |
| 003 - محدد رقم الضبط | |
| رقم الضبط | OSt |
| 005 - وقت وتاريخ اخر تعامل مع التسجيلة | |
| رقم الضبط | 20150408114117.0 |
| 008 - عناصر البيانات ثابتة الطول - معلومات عامة | |
| حقل البيانات ثابتة الطول | 130207s2010 ts ||||f b 00| 0 ara d |
| 020 ## - الرقم الدولى المعيارى للكتب | |
| الرقم الدولى المعيارى للكتاب | 9789948016670 |
| 040 ## - مصدر الفهرسة | |
| وكالة الفهرسة الأصلية | MU |
| لغة الفهرسة | ara |
| 082 ## - رقم تصنيف ديوى العشرى | |
| رقم الطبعة | 21 |
| رقم التصنيف | 306.2 |
| رقم المادة | هـ إ م |
| 100 1# - المدخل الرئيسى - إسم شخصى | |
| الإسم الشخصى | هوفر، إريك |
| 9 (RLIN) | 21058 |
| 245 12 - بيان العنوان | |
| العنوان | المؤمن الصادق : |
| بقية العنوان | أفكار حول طبيعة الحركات الجماهيرية / |
| بيان المسئوليه,etc | إريك هوفر ؛ ترجمة غازي بن عبد الرحمن القصيبي. |
| 250 ## - بيان الطبعة | |
| بيان الطبعة | ط. 1. |
| 260 ## - PUBLICATION, DISTRIBUTION, ETC. (IMPRINT) | |
| مكان الناشر او الموزع | أبو ظبي، الإمارات العربية المتحدة، |
| اسم الناشر او الموزع | كلمة ؛ |
| مكان الناشر او الموزع | الرياض : |
| اسم الناشر او الموزع | العبيكان ؛ |
| مكان الناشر او الموزع | بيروت : |
| اسم الناشر او الموزع | مؤسسة الإنتشار العربي، |
| تاريخ النشر أو التوزيع | 2010. |
| 300 ## - الوصف المادى | |
| التعداد | 242 ص. ؛ |
| أبعاد الوعاء | 24 سم. |
| 504 ## - تبصرة ببليوجرافية | |
| تبصرة ببليوجرافية,الخ | يشتمل على إرجاعات ببليوجرافية. |
| 650 #4 - المدخل الاضافى بالموضوع-مصطلح موضوعى | |
| مصطلح موضوعي أو اسم جغرافي كعنصر مدخل | الحركات الفكرية. |
| 9 (RLIN) | 21059 |
| 650 #4 - المدخل الاضافى بالموضوع-مصطلح موضوعى | |
| مصطلح موضوعي أو اسم جغرافي كعنصر مدخل | الأحزاب السياسية. |
| 9 (RLIN) | 21060 |
| 650 #4 - المدخل الاضافى بالموضوع-مصطلح موضوعى | |
| مصطلح موضوعي أو اسم جغرافي كعنصر مدخل | علم الاجتماع السياسي. |
| 9 (RLIN) | 21061 |
| 700 1# - المدخل الاضافى - اسم شخصى | |
| الإسم الشخصى | القصيبي، غازي عبد الرحمن، |
| التواريخ المصاحبة للاسم | 1359-1431 هـ. |
| الدور | مترجم. |
| 9 (RLIN) | 21062 |
| 942 ## - عناصر المدخل الإضافي( كوها) | |
| مصدر التصنيف او مخطط الترفيف | Dewey Decimal Classification |
| Koha [default] item type | DVD |
| حالة الفقد | نموذج السعر الفعال | حالة تلف | ليس للاعارة | رقم الطلب | رقم النسخة | تاريخ الاكتساب | الموقع الحالي | الباركود | الفرع الرئيسي | Date last seen | نوع المادة فى نظام كوها | مصدر التصنيف او خطة الترفيف | Total Checkouts | Date last checked out |
|---|---|---|---|---|---|---|---|---|---|---|---|---|---|---|
| 2013-03-10 | 306.2 هـ إ م | ن 1 | 2013-02-07 | المكتبة المركزية بالمجمعة (CL) | 00111408 | المكتبة المركزية بالمجمعة (CL) | 2013-03-10 | كتاب | Dewey Decimal Classification | |||||
| 2013-03-10 | 306.2 هـ إ م | ن 2 | 2013-02-07 | المكتبة المركزية بالمجمعة (CL) | 00111409 | المكتبة المركزية بالمجمعة (CL) | 2013-03-10 | كتاب | Dewey Decimal Classification | |||||
| 2013-03-10 | 306.2 هـ إ م | ن 3 | 2013-02-07 | المكتبة المركزية بالمجمعة (CL) | 00111410 | المكتبة المركزية بالمجمعة (CL) | 2013-03-10 | كتاب | Dewey Decimal Classification | |||||
| 2013-03-10 | 306.2 هـ إ م | ن 1 | 2013-02-07 | مكتبة كلية العلوم و الدراسات الإنسانية برماح - طالبات (SRF) | 00111413 | مكتبة كلية العلوم و الدراسات الإنسانية برماح - طالبات (SRF) | 2019-11-12 | كتاب | Dewey Decimal Classification | 1 | 2019-03-04 | |||
| 2013-03-10 | 306.2 هـ إ م | ن 2 | 2013-02-07 | مكتبة كلية العلوم و الدراسات الإنسانية برماح - طالبات (SRF) | 00111414 | مكتبة كلية العلوم و الدراسات الإنسانية برماح - طالبات (SRF) | 2013-03-10 | كتاب | Dewey Decimal Classification | |||||
| 2013-03-10 | 306.2 هـ إ م | ن 1 | 2013-02-07 | مكتبة كلية العلوم و الدراسات الإنسانية برماح - طلاب (SRM) | 00111415 | مكتبة كلية العلوم و الدراسات الإنسانية برماح - طلاب (SRM) | 2013-03-10 | كتاب | Dewey Decimal Classification | |||||
| 2013-03-10 | 306.2 هـ إ م | ن 2 | 2013-02-07 | مكتبة كلية العلوم و الدراسات الإنسانية برماح - طلاب (SRM) | 00111416 | مكتبة كلية العلوم و الدراسات الإنسانية برماح - طلاب (SRM) | 2019-01-29 | كتاب | Dewey Decimal Classification | 1 | 2019-01-16 | |||
| 2013-03-10 | 306.2 هـ إ م | ن 1 | 2013-02-07 | مكتبة مجمع الكليات بالزلفى - طلاب (SZM) | 00111411 | مكتبة مجمع الكليات بالزلفى - طلاب (SZM) | 2013-03-10 | كتاب | Dewey Decimal Classification | |||||
| 2013-03-10 | 306.2 هـ إ م | ن 2 | 2013-02-07 | مكتبة مجمع الكليات بالزلفى - طلاب (SZM) | 00111412 | مكتبة مجمع الكليات بالزلفى - طلاب (SZM) | 2013-03-10 | كتاب | Dewey Decimal Classification |
